Urban foresty : planning and managing urban greenspaces
Αποθηκεύτηκε σε:
| Κύριος συγγραφέας: | |
|---|---|
| Μορφή: | Βιβλίο |
| Γλώσσα: | English |
| Δημοσίευση: |
New Jersey :
Prentice Hall,
c1998
|
| Έκδοση: | 2nd ed. |
| Θέματα: | |
| Ετικέτες: |
Προσθήκη ετικέτας
Δεν υπάρχουν, Καταχωρήστε ετικέτα πρώτοι!
|
MARC
| LEADER | 00000nam a2200000 i 4500 | ||
|---|---|---|---|
| 001 | 1/16321 | ||
| 008 | 980731s1998 eng d | ||
| 020 | |a 0-13-458522-4 | ||
| 035 | |l 10020153 | ||
| 040 | |a GR-MY-UA |b gre |e aacr | ||
| 041 | 0 | |a eng | |
| 082 | 0 | |a 635.977091732 | |
| 100 | 1 | |a Miller, Robert W. |d 1940- | |
| 245 | 1 | 0 | |a Urban foresty : |b planning and managing urban greenspaces / |c Robert W. Miller |
| 250 | |a 2nd ed. | ||
| 260 | |a New Jersey : |b Prentice Hall, |c c1998 | ||
| 300 | |a x, 502 σ.; |b εικ., χάρτες; |c 25 εκ. | ||
| 504 | |a Περιέχει βιβλιογραφικές παραπομπές και ευρετήριο | ||
| 650 | 0 | 0 | |a Urban forestry. |
| 852 | |a INST |b LESVOS |e 19980731 |h 635.977091732 MIL |p 005100013363 |q 005100013363 |t BK |y 0 | ||
| 901 | |a BIBL-1998-3 | ||
| 909 | |a Λ |b 058569 | ||
| 922 | |a 1ΕΛΗ |b 199807 |c ΚΠΣ/ΤΠ |d ΠΑΠΑΣΩΤΗΡΙΟΥ | ||
| 950 | |a 107-1998-05-19 | ||